| 000 | 01012 a2200229 4500 | ||
|---|---|---|---|
| 001 | 15714 | ||
| 005 | 20260407155451.0 | ||
| 008 | 260407a2003 arg spa d | ||
| 003 | AR-UNSa-BCEJYS | ||
| 040 |
_aAR-UNSa-BCEJYS _bspa _cAR-UNSa-BCEJYS |
||
| 080 |
_a35.077.3 _xProcedimiento administrativo (licitación pública...) |
||
| 245 | 1 | 0 |
_aProcedimientos administrativos _pLey Nacional de procedimientos administrativos, anotada y comentada |
| 020 | _a950-527-827-6 | ||
| 264 | 1 |
_aBuenos Aires : _bLa Ley _c2003 |
|
| 300 |
_a628 p. _c25 cm. |
||
| 505 | _a1. Procedimiento administrativo: ámbito de aplicación - 2. Competencia del organo - 3. Requisitos esenciales del acto administrativo - 4. Impugnación judicial de actos administrativos | ||
| 942 | _cBK | ||
| 590 | _aniveau_biblio:m niveau_hierar:0 | ||
| 100 | 1 | _aComadira, Julio Rodolfo | |
| 700 | 1 | _aMonti, Laura | |
| 856 | 4 | 1 |
_uhttps://biblioeco.unsa.edu.ar/pmb/images/libros/Procedimientos administrativos2-l87419.jpg _yImagen de portada _qimage/jpeg |
| 999 |
_c662 _d662 |
||